<?xml version="1.0" encoding="UTF-8"?>
<record
    xmlns:xsi="http://www.w3.org/2001/XMLSchema-instance"
    xsi:schemaLocation="http://www.loc.gov/MARC21/slim http://www.loc.gov/standards/marcxml/schema/MARC21slim.xsd"
    xmlns="http://www.loc.gov/MARC21/slim">

  <leader>00989nam a22003014a 4500</leader>
  <controlfield tag="001">PE-BaUNAB</controlfield>
  <controlfield tag="005">20260702215003.0</controlfield>
  <controlfield tag="006">a||||gr|||| 001 0 </controlfield>
  <controlfield tag="007">ta</controlfield>
  <controlfield tag="008">      t        pe     gr     00| 0 spa d</controlfield>
  <datafield tag="017" ind1=" " ind2=" ">
    <subfield code="a">B 18270-2021</subfield>
  </datafield>
  <datafield tag="020" ind1=" " ind2=" ">
    <subfield code="a">9788413820439</subfield>
  </datafield>
  <datafield tag="040" ind1=" " ind2=" ">
    <subfield code="a">PE-BaUNAB</subfield>
  </datafield>
  <datafield tag="041" ind1=" " ind2=" ">
    <subfield code="a">spa</subfield>
  </datafield>
  <datafield tag="043" ind1=" " ind2=" ">
    <subfield code="c">per</subfield>
  </datafield>
  <datafield tag="082" ind1=" " ind2=" ">
    <subfield code="a">611.8 </subfield>
  </datafield>
  <datafield tag="100" ind1=" " ind2=" ">
    <subfield code="a">Mtui, Estomith</subfield>
    <subfield code="e">Autor</subfield>
    <subfield code="9">13874</subfield>
  </datafield>
  <datafield tag="245" ind1=" " ind2=" ">
    <subfield code="a">Fitzgerald : neuroanatom&#xED;a cl&#xED;nica y neurociencia</subfield>
  </datafield>
  <datafield tag="260" ind1=" " ind2=" ">
    <subfield code="a">Espa&#xF1;a : </subfield>
    <subfield code="b">Elsevier, </subfield>
    <subfield code="c">2022</subfield>
  </datafield>
  <datafield tag="300" ind1=" " ind2=" ">
    <subfield code="a">416 p&#xE1;ginas : </subfield>
    <subfield code="c">27 cm </subfield>
  </datafield>
  <datafield tag="505" ind1=" " ind2=" ">
    <subfield code="a">1. Embriolog&#xED;a, 2. Topograf&#xED;a cerebral, 3. Mesenc&#xE9;falo, rombenc&#xE9;falo, m&#xE9;dula espinal, 4. Meninges, 5. Neuronas y neurogl&#xED;a, 6.Neuronas y neurogl&#xED;a, 7. Acontecimientos el&#xE9;ctricos..</subfield>
  </datafield>
  <datafield tag="650" ind1=" " ind2=" ">
    <subfield code="a">Neuroanatom&#xED;a </subfield>
    <subfield code="9">11563</subfield>
  </datafield>
  <datafield tag="650" ind1=" " ind2=" ">
    <subfield code="a">Anatom&#xED;a </subfield>
    <subfield code="9">8324</subfield>
  </datafield>
  <datafield tag="650" ind1=" " ind2=" ">
    <subfield code="a">Neurociencias</subfield>
    <subfield code="9">11636</subfield>
  </datafield>
  <datafield tag="700" ind1=" " ind2=" ">
    <subfield code="a">Gruener, Gregory </subfield>
    <subfield code="9">13875</subfield>
  </datafield>
  <datafield tag="700" ind1=" " ind2=" ">
    <subfield code="a">Dockery, Peter</subfield>
    <subfield code="9">13876</subfield>
  </datafield>
  <datafield tag="942" ind1=" " ind2=" ">
    <subfield code="2">ddc</subfield>
    <subfield code="c">LIB</subfield>
    <subfield code="e">2026-07-02</subfield>
    <subfield code="z">LRM</subfield>
  </datafield>
  <datafield tag="952" ind1=" " ind2=" ">
    <subfield code="2">ddc</subfield>
    <subfield code="8">PSI</subfield>
    <subfield code="a">B01</subfield>
    <subfield code="b">B01</subfield>
    <subfield code="d">2026-07-02</subfield>
    <subfield code="l">0</subfield>
    <subfield code="o">611.8 M783</subfield>
    <subfield code="p">01L000008448</subfield>
    <subfield code="r">2026-07-02 21:50:57</subfield>
    <subfield code="y">LIB</subfield>
  </datafield>
  <datafield tag="952" ind1=" " ind2=" ">
    <subfield code="2">ddc</subfield>
    <subfield code="8">PSI</subfield>
    <subfield code="a">B01</subfield>
    <subfield code="b">B01</subfield>
    <subfield code="d">2026-07-02</subfield>
    <subfield code="l">0</subfield>
    <subfield code="o">611.8 M783</subfield>
    <subfield code="p">01L000008449</subfield>
    <subfield code="r">2026-07-02 21:50:57</subfield>
    <subfield code="t">ej.2</subfield>
    <subfield code="y">LIB</subfield>
  </datafield>
  <datafield tag="952" ind1=" " ind2=" ">
    <subfield code="2">ddc</subfield>
    <subfield code="8">PSI</subfield>
    <subfield code="a">B01</subfield>
    <subfield code="b">B01</subfield>
    <subfield code="d">2026-07-02</subfield>
    <subfield code="l">0</subfield>
    <subfield code="o">611.8 M783</subfield>
    <subfield code="p">01L000008450</subfield>
    <subfield code="r">2026-07-02 21:50:57</subfield>
    <subfield code="t">ej.3</subfield>
    <subfield code="y">LIB</subfield>
  </datafield>
  <datafield tag="999" ind1=" " ind2=" ">
    <subfield code="c">6124</subfield>
    <subfield code="d">6124</subfield>
  </datafield>
</record>
